000
00322nam a2200145Ia 4500
003
OSt
008
191201s2012 xx 000 0 und d
082
_a
657.3
_b
GOF
100
_a
GOYAL, V K
245
0
_a
Financial Accounting for BBA
260
_a
New Delhi
_b
PHI
_c
2012
300
_a
587
650
_a
BBA
942
_2
ddc
_c
BK
999
_c
5956
_d
5956